Insight guide : Germany.
| Format: | Book |
|---|---|
| Published: |
Singapore:
APA Publications,
1999.
|
| Edition: | 3rd ed. |
| Subjects: |
| LEADER | 00453cam a2200157 7i4500 | ||
|---|---|---|---|
| 001 | 0000008697 | ||
| 005 | 20010208090000.0 | ||
| 020 | 0 | 0 | |a 9624214360 |
| 090 | 0 | 0 | |a GERM 910.202943 |b INS |
| 245 | 0 | 0 | |a Insight guide : |b Germany. |
| 250 | 0 | 0 | |a 3rd ed. |
| 260 | 0 | 0 | |a Singapore: |b APA Publications, |c 1999. |
| 300 | # | # | |a 407 p. |
| 650 | 0 | 0 | |a Germany -- |x Voyages and travels -- |x Guidebooks |
| 651 | 0 | 0 | |a Germany |
| 999 | |a B000010992 |b Book |c Countries |e Business Information Centre | ||


